[Event "Joao Pessoa Fischer Memorial 10th"]
[Site "Joao Pessoa"]
[Date "2019.03.31"]
[Round "6"]
[White "Felix, Dieggo Guerra"]
[Black "Barbosa, Eugenio Seve de Me"]
[Result "1/2-1/2"]
[WhiteElo "1784"]
[BlackElo "1977"]
[PlyCount "49"]
[EventDate "2019.03.29"]
[EventType "swiss"]
[EventRounds "6"]
[EventCountry "BRA"]
[SourceTitle "CBM 190 Extra"]
[Source "ChessBase"]
[SourceDate "2019.07.15"]
[SourceVersion "1"]
[SourceVersionDate "2019.07.15"]
[SourceQuality "1"]

1. e4 Nf6 2. e5 Nd5 3. d4 d6 4. exd6 exd6 5. Nf3 Be7 6. Be2 0-0 7. 0-0 Bf5 8. c3 Nc6 9. Qb3 Nb6 10. Bf4 Be6 11. Qc2 Bf6 12. Nbd2 Re8 13. Rfe1 d5 14. Bd3 g6 15. Nb3 Nd7 16. h3 a6 17. a4 b6 18. Nbd2 Ne7 19. Ng5 Bf5 20. Ngf3 c5 21. Bxf5 Nxf5 22. Rxe8+ Qxe8 23. Re1 Qc8 24. dxc5 bxc5 25. Qd3 1/2-1/2

[Event "Joao Pessoa Caldas Memorial U2000 4th"]
[Site "Joao Pessoa"]
[Date "2018.11.18"]
[Round "10"]
[White "Gomes, Genildo de Souza"]
[Black "Felix, Dieggo Guerra"]
[Result "1-0"]
[WhiteElo "1608"]
[BlackElo "1759"]
[PlyCount "81"]
[EventDate "2018.09.24"]
[EventType "tourn"]
[EventRounds "11"]
[EventCountry "BRA"]
[SourceTitle "EXT 2021"]
[Source "ChessBase"]
[SourceDate "2020.10.23"]
[SourceVersion "1"]
[SourceVersionDate "2020.10.23"]
[SourceQuality "1"]

1. d4 Nf6 2. Nf3 e6 3. a3 c5 4. e3 b6 5. Be2 Bb7 6. 0-0 Be7 7. b3 0-0 8. Bb2 d5 9. Nbd2 Nbd7 10. Ne5 a6 11. f4 Rc8 12. Bf3 b5 13. c4 cxd4 14. exd4 bxc4 15. bxc4 Rb8 16. c5 Nxe5 17. fxe5 Nd7 18. Bg4 Bc6 19. Qc2 Bg5 20. Qc3 g6 21. a4 a5 22. Ba3 h5 23. Bh3 Bxd2 24. Qxd2 Rb3 25. Bc1 Rb4 26. Qh6 Qh4 27. Be3 Rb3 28. Bxe6 Rxe3 29. Bxf7+ Rxf7 30. Rxf7 Kxf7 31. Rf1+ Ke7 32. Qxe3 Bxa4 33. Rf4 Qg5 34. Rf7+ Kxf7 35. Qxg5 Bb5 36. g4 hxg4 37. Qxg4 Nf8 38. Qf3+ Ke8 39. Qxd5 a4 40. c6 a3 41. Qxb5 1-0

[Event "Joao Pessoa Caldas Memorial U2000 4th"]
[Site "Joao Pessoa"]
[Date "2018.11.17"]
[Round "8"]
[White "Baltar, Petrov Ferreira"]
[Black "Felix, Dieggo Guerra"]
[Result "1-0"]
[WhiteElo "1675"]
[BlackElo "1759"]
[PlyCount "79"]
[EventDate "2018.09.24"]
[EventType "tourn"]
[EventRounds "11"]
[EventCountry "BRA"]
[SourceTitle "EXT 2021"]
[Source "ChessBase"]
[SourceDate "2020.10.23"]
[SourceVersion "1"]
[SourceVersionDate "2020.10.23"]
[SourceQuality "1"]

1. d4 d5 2. c4 Nf6 3. Nc3 e6 4. Bg5 Bb4 5. e3 h6 6. Bxf6 Qxf6 7. cxd5 exd5 8. Qb3 Bxc3+ 9. Qxc3 c6 10. Nf3 Bf5 11. Be2 Nd7 12. 0-0 0-0 13. b4 Rac8 14. Rfc1 Bg4 15. a4 Qe7 16. h3 Bh5 17. Qb2 f5 18. Re1 f4 19. exf4 Rxf4 20. Ne5 Nxe5 21. Bxh5 Nd3 22. Rxe7 Nxb2 23. Rxb7 Rxd4 24. Bg6 Kf8 25. Rf7+ Kg8 26. Rb7 Kf8 27. Ra3 Rf4 28. Re3 Rf6 29. Bh5 g6 30. Bg4 Re8 31. Rxe8+ Kxe8 32. Rxa7 Nd3 33. Rb7 h5 34. Be2 Nc1 35. Bf1 d4 36. a5 d3 37. a6 Ne2+ 38. Kh2 d2 39. Bxe2 Rxf2 40. a7 1-0

[Event "Joao Pessoa Caldas Memorial U2000 4th"]
[Site "Joao Pessoa"]
[Date "2018.11.15"]
[Round "3"]
[White "Felix, Dieggo Guerra"]
[Black "Morais, Francisco John Silv"]
[Result "1-0"]
[WhiteElo "1759"]
[BlackElo "1671"]
[PlyCount "119"]
[EventDate "2018.09.24"]
[EventType "tourn"]
[EventRounds "11"]
[EventCountry "BRA"]
[SourceTitle "EXT 2021"]
[Source "ChessBase"]
[SourceDate "2020.10.23"]
[SourceVersion "1"]
[SourceVersionDate "2020.10.23"]
[SourceQuality "1"]

1. e4 c5 2. Nf3 d6 3. d4 cxd4 4. Nxd4 Nf6 5. Nc3 a6 6. Be3 e5 7. Nb3 b5 8. f3 Bb7 9. Qd2 Qc7 10. Nd5 Nxd5 11. exd5 Nd7 12. Na5 Bxd5 13. Rc1 Be6 14. Be2 d5 15. 0-0 d4 16. Bf2 Bc5 17. Nb3 Ba7 18. Bd3 0-0 19. f4 f6 20. c3 dxc3 21. Rxc3 Bxf2+ 22. Qxf2 Qd6 23. Rd1 e4 24. Bc2 Qe7 25. f5 Bc4 26. Qd4 Ne5 27. Qxe4 Rfe8 28. Kh1 Rad8 29. Rxd8 Rxd8 30. h3 Qd6 31. Na5 Bd5 32. Bb3 Bxb3 33. Nxb3 Nd3 34. Qe6+ Qxe6 35. fxe6 Kf8 36. Rc7 Re8 37. Nd4 Nxb2 38. Ra7 Nd3 39. Rxa6 b4 40. Nf5 h6 41. Ne3 Nc5 42. Rb6 Rxe6 43. Rxe6 Nxe6 44. Nd5 Kf7 45. Nxb4 Nc5 46. g3 Ke6 47. Kg2 f5 48. Kf3 Ke5 49. Nc6+ Kd6 50. Nb4 g5 51. Ke3 h5 52. h4 gxh4 53. gxh4 Ke5 54. Nd3+ Nxd3 55. Kxd3 Kf4 56. Ke2 Kg3 57. a4 Kxh4 58. a5 Kg3 59. a6 f4 60. a7 1-0

[Event "Pessoense Master U1900 2nd"]
[Site "Joao Pessoa"]
[Date "2018.07.13"]
[Round "8"]
[White "Felix, Dieggo Guerra"]
[Black "Da Silva, Antonio Dutra"]
[Result "0-1"]
[WhiteElo "1787"]
[BlackElo "1784"]
[PlyCount "68"]
[EventDate "2018.07.06"]
[EventType "tourn"]
[EventRounds "9"]
[EventCountry "BRA"]
[SourceTitle "EXT 2021"]
[Source "ChessBase"]
[SourceDate "2020.10.23"]
[SourceVersion "1"]
[SourceVersionDate "2020.10.23"]
[SourceQuality "1"]

1. e4 e6 2. d4 d5 3. e5 c5 4. c3 Nc6 5. f4 Bd7 6. Nf3 h6 7. Bd3 Qb6 8. Bc2 Rc8 9. 0-0 cxd4 10. cxd4 Nb4 11. Bb3 Bb5 12. Ba4 Bxa4 13. Qxa4+ Qc6 14. Qxc6+ Rxc6 15. Nc3 Nd3 16. Rd1 Nxc1 17. Raxc1 a6 18. Na4 Kd7 19. Rxc6 bxc6 20. Rd3 Kc7 21. Rb3 Be7 22. Rb6 g5 23. g3 gxf4 24. gxf4 h5 25. Rxa6 Kb7 26. Rb6+ Kc7 27. Rb3 Nh6 28. Kf1 Rg8 29. Nc3 Nf5 30. Ne2 h4 31. Nfg1 Ra8 32. h3 Ra4 33. Nf3 Rc4 34. Rc3 Ra4 0-1

[Event "Pessoense Master U1900 2nd"]
[Site "Joao Pessoa"]
[Date "2018.07.11"]
[Round "6"]
[White "Baltar, Petrov Ferreira"]
[Black "Felix, Dieggo Guerra"]
[Result "1-0"]
[WhiteElo "1670"]
[BlackElo "1787"]
[PlyCount "95"]
[EventDate "2018.07.06"]
[EventType "tourn"]
[EventRounds "9"]
[EventCountry "BRA"]
[SourceTitle "EXT 2021"]
[Source "ChessBase"]
[SourceDate "2020.10.23"]
[SourceVersion "1"]
[SourceVersionDate "2020.10.23"]
[SourceQuality "1"]

1. d4 d5 2. c4 Nf6 3. Nc3 c6 4. Bg5 e6 5. e3 h6 6. Bh4 g5 7. Bg3 Bb4 8. Qb3 Bxc3+ 9. bxc3 Ne4 10. Be5 f6 11. Bxb8 Rxb8 12. c5 f5 13. Nf3 Bd7 14. Bd3 0-0 15. 0-0 b6 16. Qa3 bxc5 17. Ne5 cxd4 18. cxd4 Qc7 19. f4 g4 20. Bxe4 dxe4 21. Rfc1 Be8 22. Rab1 Rxb1 23. Rxb1 Bf7 24. Qb4 Rc8 25. Qb7 Be8 26. Qb3 Bf7 27. Qb7 a5 28. a3 Kg7 29. Kf2 Be8 30. h3 h5 31. hxg4 hxg4 32. Kg3 Kf6 33. Kf2 Ke7 34. Qb2 Qd6 35. Qb6 Qxa3 36. Rh1 g3+ 37. Kxg3 Qxe3+ 38. Kh2 Qxf4+ 39. g3 Qf2+ 40. Kh3 Kf6 41. Qb7 Rd8 42. Qh7 Qxd4 43. Qh8+ Ke7 44. Qg7+ Kd6 45. Nf7+ Kc5 46. Rc1+ Kb5 47. Ne5 Rd5 48. Qb7+ 1-0

[Event "Joao Pessoa Master U1900 1st"]
[Site "Joao Pessoa"]
[Date "2017.10.04"]
[Round "1.3"]
[White "Da Silva, Antonio Dutra"]
[Black "Felix, Dieggo Guerra"]
[Result "0-1"]
[WhiteElo "1763"]
[BlackElo "1754"]
[PlyCount "70"]
[EventDate "2017.10.04"]
[EventType "tourn"]
[EventRounds "9"]
[EventCountry "BRA"]
[SourceTitle "EXT 2022"]
[Source "ChessBase"]
[SourceDate "2021.10.06"]
[SourceVersion "1"]
[SourceVersionDate "2021.10.06"]
[SourceQuality "1"]

1. g3 c5 2. Bg2 Nc6 3. Nf3 e5 4. 0-0 f5 5. e3 Nf6 6. c3 d5 7. d4 cxd4 8. exd4 e4 9. Re1 Be7 10. Ng5 h6 11. Nh3 0-0 12. Nd2 Be6 13. Nf1 Bf7 14. Ne3 Qc8 15. b4 a6 16. Qb3 b5 17. a4 Qd7 18. Bd2 Nh5 19. Nc2 Bd6 20. Bf1 Ne7 21. Be2 g5 22. axb5 axb5 23. Na3 f4 24. g4 f3 25. Bf1 Qxg4+ 26. Kh1 Be8 27. Nc2 Rxa1 28. Rxa1 Nf4 29. Ne3 Qh4 30. Ra6 Rf6 31. Rxd6 Rxd6 32. Nxf4 gxf4 33. Nd1 Rg6 34. Bxf4 Qxf4 35. Ne3 Qg5 0-1

[Event "Joao Pessoa Botvinnik Memorial"]
[Site "Joao Pessoa"]
[Date "2017.08.21"]
[Round "6.2"]
[White "Felix, Dieggo Guerra"]
[Black "Da Silva, Antonio Dutra"]
[Result "1/2-1/2"]
[WhiteElo "1754"]
[BlackElo "1763"]
[PlyCount "65"]
[EventDate "2017.07.17"]
[EventType "tourn"]
[EventRounds "7"]
[EventCountry "BRA"]
[SourceTitle "EXT 2022"]
[Source "ChessBase"]
[SourceDate "2021.10.06"]
[SourceVersion "1"]
[SourceVersionDate "2021.10.06"]
[SourceQuality "1"]

1. e4 g6 2. d4 Bg7 3. c4 d6 4. Nc3 c5 5. d5 Nf6 6. h3 Nfd7 7. Be3 Qa5 8. Qc2 0-0 9. Bd3 Ne5 10. Nge2 Nxd3+ 11. Qxd3 f5 12. 0-0 Nd7 13. f4 fxe4 14. Qxe4 Qd8 15. Ng3 Nf6 16. Qd3 e6 17. dxe6 Bxe6 18. f5 Bf7 19. Rad1 Qb6 20. b3 Rad8 21. Bg5 h6 22. fxg6 hxg5 23. gxf7+ Rxf7 24. Qg6 Rdd7 25. Nh5 Nxh5 26. Rxf7 Rxf7 27. Nd5 Qd8 28. Qxh5 Bd4+ 29. Kh1 Kg7 30. Re1 Be5 31. Qg4 Kh6 32. Qe6+ Kg7 33. Qg4 1/2-1/2

[Event "Joao Pessoa Botvinnik Memorial"]
[Site "Joao Pessoa"]
[Date "2017.07.17"]
[Round "1.1"]
[White "Felix, Dieggo Guerra"]
[Black "Trigueiro, Hamilton Nobrega"]
[Result "1-0"]
[WhiteElo "1754"]
[BlackElo "1544"]
[PlyCount "57"]
[EventDate "2017.07.17"]
[EventType "tourn"]
[EventRounds "7"]
[EventCountry "BRA"]
[SourceTitle "EXT 2022"]
[Source "ChessBase"]
[SourceDate "2021.10.06"]
[SourceVersion "1"]
[SourceVersionDate "2021.10.06"]
[SourceQuality "1"]

1. e4 e5 2. Nf3 Nc6 3. Bb5 Nf6 4. d3 Bb4+ 5. c3 Ba5 6. Bxc6 dxc6 7. Nxe5 h6 8. Nc4 Bb6 9. Nxb6 axb6 10. 0-0 Qd6 11. f4 Bg4 12. Qe1 Qxd3 13. h3 Be6 14. a3 0-0 15. f5 Bc4 16. e5 Ne4 17. Rf3 Qd5 18. f6 Qxe5 19. fxg7 Rfe8 20. Qh4 h5 21. Nd2 Rad8 22. Nxc4 Rd1+ 23. Rf1 Rxf1+ 24. Kxf1 Ng3+ 25. Kg1 Qc5+ 26. Kh2 Qf2 27. Qxg3 Qxg3+ 28. Kxg3 Kxg7 29. Bf4 1-0

[Event "Joao Pessoa Fischer Memorial 8th"]
[Site "Joao Pessoa"]
[Date "2017.03.19"]
[Round "5"]
[White "Felix, Dieggo Guerra"]
[Black "Franca, Jairo Jr"]
[Result "0-1"]
[WhiteElo "1757"]
[BlackElo "1943"]
[PlyCount "84"]
[EventDate "2017.03.17"]
[EventType "swiss"]
[EventRounds "6"]
[EventCountry "BRA"]
[SourceTitle "EXT 2018"]
[Source "ChessBase"]
[SourceDate "2017.10.13"]
[SourceVersion "1"]
[SourceVersionDate "2017.10.13"]
[SourceQuality "1"]

1. e4 e5 2. Nf3 Nc6 3. Bb5 a6 4. Ba4 Nf6 5. d3 b5 6. Bb3 Be7 7. c3 0-0 8. 0-0 d6 9. Re1 Be6 10. Bc2 d5 11. exd5 Bxd5 12. Nxe5 Nxe5 13. Rxe5 Bd6 14. Re1 Qd7 15. h3 Qc6 16. f3 Bg3 17. Rf1 Rfe8 18. Bd2 Qb6+ 19. Kh1 Nh5 20. Bb3 Bxb3 21. axb3 Bh4 22. Be1 Bxe1 23. Rxe1 Ng3+ 24. Kh2 Qd6 25. Rxe8+ Rxe8 26. Kg1 Ne2+ 27. Kh1 Qg3 28. Na3 Nf4 29. Qg1 Re2 30. Qh2 Qh4 31. Rg1 Rxb2 32. Nb1 h5 33. d4 Qf6 34. h4 Qf5 35. Na3 Ra2 36. Nb1 Ne2 37. Re1 Ra1 38. Qe5 Rxb1 39. Qe8+ Kh7 40. Rxb1 Qxb1+ 41. Kh2 Qg1+ 42. Kh3 Qh1# 0-1

[Event "Joao Pessoa Fischer Memorial 8th"]
[Site "Joao Pessoa"]
[Date "2017.03.17"]
[Round "1"]
[White "Felix, Dieggo Guerra"]
[Black "Santos, Rafael Ventura Dos"]
[Result "0-1"]
[WhiteElo "1757"]
[BlackElo "2211"]
[PlyCount "142"]
[EventDate "2017.03.17"]
[EventType "swiss"]
[EventRounds "6"]
[EventCountry "BRA"]
[SourceTitle "CBM 177 Extra"]
[Source "ChessBase"]
[SourceDate "2017.04.27"]
[SourceVersion "1"]
[SourceVersionDate "2017.04.27"]
[SourceQuality "1"]

1. e4 c5 2. Nf3 d6 3. Bb5+ Nd7 4. 0-0 a6 5. Bxd7+ Bxd7 6. d3 Nf6 7. Nbd2 e6 8. a4 Be7 9. b3 0-0 10. Bb2 e5 11. Re1 g6 12. Nf1 Nh5 13. Ne3 Nf4 14. a5 f5 15. Nd2 fxe4 16. dxe4 Bh4 17. Nf3 Be7 18. Bc1 Be6 19. h3 Qd7 20. Nd5 Nxd5 21. exd5 Bf5 22. Bh6 Rf7 23. Ng5 Bxg5 24. Bxg5 h5 25. Be3 Kh7 26. Qd2 Raf8 27. Bh6 Re8 28. Be3 Rg8 29. h4 Rff8 30. Bh6 Re8 31. c4 Bc2 32. Qxc2 Kxh6 33. Qe4 Ref8 34. g3 Qh3 35. Re3 Rf5 36. Rf3 Qg4 37. Qxg4 hxg4 38. Rxf5 gxf5 39. Kf1 f4 40. Ke2 Kg6 41. Re1 Kf5 42. Kd2 Rb8 43. gxf4 Kxf4 44. h5 Kg5 45. Rh1 Rf8 46. Ke2 Kh6 47. Rh4 Rf4 48. Ke1 Kg5 49. Rh2 Rf7 50. h6 Rh7 51. Rg2 Rxh6 52. f3 Rh1+ 53. Kd2 Rf1 54. Rxg4+ Kf6 55. Rg8 Rf2+ 56. Ke1 Rb2 57. Rh8 Rxb3 58. Rh6+ Kf5 59. Rxd6 Rxf3 60. Rb6 Rc3 61. Rxb7 Rxc4 62. Rb6 e4 63. Rxa6 Rd4 64. Rc6 Rxd5 65. a6 c4 66. Rxc4 Ra5 67. Rc6 Kf4 68. Kf2 Ra2+ 69. Kg1 Kg3 70. Rg6+ Kf3 71. Rf6+ Ke3 0-1

[Event "Paraibano-ch sf"]
[Site "Joao Pessoa"]
[Date "2016.10.15"]
[Round "2.1"]
[White "Felix, Dieggo Guerra"]
[Black "Oliveira, Renato de Araujo"]
[Result "0-1"]
[WhiteElo "1724"]
[BlackElo "2080"]
[PlyCount "58"]
[EventDate "2016.10.14"]
[EventType "swiss"]
[EventRounds "5"]
[EventCountry "BRA"]
[SourceTitle "EXT 2022"]
[Source "ChessBase"]
[SourceDate "2021.10.06"]
[SourceVersion "1"]
[SourceVersionDate "2021.10.06"]
[SourceQuality "1"]

1. e4 c5 2. Nf3 d6 3. Bb5+ Bd7 4. Bxd7+ Qxd7 5. 0-0 Nc6 6. Re1 Nf6 7. d3 e6 8. Nc3 Be7 9. Bg5 h6 10. Bh4 g5 11. Bg3 g4 12. Nd2 h5 13. f3 h4 14. Bf4 Nh5 15. Be3 gxf3 16. Qxf3 Ne5 17. Qh3 Rg8 18. Nf3 Ng6 19. Ne2 0-0-0 20. c3 Rg7 21. Bh6 Rh7 22. Be3 Rg8 23. d4 Rhg7 24. dxc5 dxc5 25. Rad1 Qc7 26. Rd2 Ne5 27. Nxe5 Rxg2+ 28. Kh1 Qxe5 29. Qf3 Qxh2# 0-1

[Event "Paraibano-ch sf"]
[Site "Joao Pessoa"]
[Date "2016.10.15"]
[Round "3.7"]
[White "Ferreira, Alexander da Silva"]
[Black "Felix, Dieggo Guerra"]
[Result "0-1"]
[WhiteElo "1590"]
[BlackElo "1724"]
[PlyCount "124"]
[EventDate "2016.10.14"]
[EventType "swiss"]
[EventRounds "5"]
[EventCountry "BRA"]
[SourceTitle "EXT 2022"]
[Source "ChessBase"]
[SourceDate "2021.10.06"]
[SourceVersion "1"]
[SourceVersionDate "2021.10.06"]
[SourceQuality "1"]

1. e4 c5 2. Nf3 d6 3. d4 cxd4 4. Nxd4 Nf6 5. Nc3 a6 6. a4 e5 7. Nb3 Be6 8. Nd2 d5 9. exd5 Nxd5 10. Nde4 Bb4 11. Bd2 Qa5 12. Nxd5 Bxd5 13. c3 Bxe4 14. cxb4 Qd5 15. f3 Bg6 16. Bc3 Qe6 17. Qe2 Nd7 18. Qc4 Qe7 19. 0-0-0 Nb6 20. Qa2 Qg5+ 21. Rd2 0-0 22. a5 Nc8 23. Qd5 Re8 24. Bxe5 Ne7 25. Qxb7 Qxe5 26. Bd3 Bxd3 27. Rxd3 Rec8+ 28. Kb1 Qc7 29. Qxc7 Rxc7 30. Rhd1 g6 31. Rd8+ Rxd8 32. Rxd8+ Kg7 33. Ra8 Nc6 34. Rxa6 Nxb4 35. Rb6 Nd3 36. b4 Ra7 37. a6 Ne5 38. b5 Nd7 39. Rb7 Rxb7 40. axb7 Kf6 41. Kc2 Ke5 42. Kc3 Kd6 43. f4 Kc5 44. b6 Kxb6 45. Kd4 Kxb7 46. g4 Kc6 47. h4 Kd6 48. h5 gxh5 49. gxh5 f5 50. Ke3 Nf6 51. h6 Ng4+ 52. Kf3 Kd5 53. Kg3 Ke4 54. Kh4 Kxf4 55. Kh5 Nxh6 56. Kxh6 Kg3 57. Kxh7 f4 58. Kg6 f3 59. Kf5 f2 60. Ke4 f1Q 61. Kd4 Qe1 62. Kd5 Qe3 0-1

[Event "Joao Pessoa AXCV op 5th"]
[Site "Joao Pessoa"]
[Date "2015.07.25"]
[Round "2"]
[White "Soares, Alberto M Colares"]
[Black "Felix, Dieggo Guerra"]
[Result "1-0"]
[WhiteElo "2172"]
[BlackElo "1716"]
[PlyCount "61"]
[EventDate "2015.07.24"]
[EventType "swiss"]
[EventRounds "5"]
[EventCountry "BRA"]
[SourceTitle "EXT 2016"]
[Source "ChessBase"]
[SourceDate "2015.10.08"]
[SourceVersion "1"]
[SourceVersionDate "2015.10.08"]
[SourceQuality "1"]

1. c4 c6 2. b3 d5 3. Bb2 e6 4. Nf3 Nf6 5. g3 Nbd7 6. Bg2 Bd6 7. 0-0 0-0 8. Nc3 a6 9. d3 Re8 10. e3 b5 11. cxd5 cxd5 12. d4 Bb7 13. Ne2 Qe7 14. Nf4 a5 15. Nd3 b4 16. Nfe5 a4 17. Nxd7 Nxd7 18. Ne5 Bxe5 19. dxe5 Ba6 20. Re1 Nc5 21. Bf1 Bxf1 22. Rxf1 a3 23. Bd4 Rec8 24. Rc1 Rc7 25. Bxc5 Rxc5 26. Qd4 Rb5 27. Rc2 h6 28. Rfc1 Rd8 29. Rc7 Rd7 30. Rc8+ Kh7 31. Qd3+ 1-0

[Event "Joao Pessoa AXCV op 5th"]
[Site "Joao Pessoa"]
[Date "2015.07.24"]
[Round "1"]
[White "Araujo, Sergio Murilo"]
[Black "Felix, Dieggo Guerra"]
[Result "1-0"]
[WhiteElo "2083"]
[BlackElo "1716"]
[PlyCount "43"]
[EventDate "2015.07.24"]
[EventType "swiss"]
[EventRounds "5"]
[EventCountry "BRA"]
[SourceTitle "EXT 2016"]
[Source "ChessBase"]
[SourceDate "2015.10.08"]
[SourceVersion "1"]
[SourceVersionDate "2015.10.08"]
[SourceQuality "1"]

1. c4 Nf6 2. Nc3 e6 3. e4 d5 4. e5 d4 5. exf6 dxc3 6. bxc3 Qxf6 7. d4 b6 8. Nf3 h6 9. Be2 Bb7 10. 0-0 Bd6 11. c5 bxc5 12. Qa4+ Bc6 13. Bb5 Bxb5 14. Qxb5+ Ke7 15. dxc5 Bf4 16. c6 a5 17. Qb7 Na6 18. Ba3+ Bd6 19. Bxd6+ Kxd6 20. Rfd1+ Kc5 21. Nd2 Kd5 22. Qb5+ 1-0

[Event "Joao Pessoa op 6th"]
[Site "Joao Pessoa"]
[Date "2015.03.15"]
[Round "6"]
[White "Dantas, Isaac Pereira"]
[Black "Felix, Dieggo Guerra"]
[Result "1/2-1/2"]
[WhiteElo "1614"]
[BlackElo "1700"]
[PlyCount "21"]
[EventDate "2015.03.13"]
[EventType "swiss"]
[EventRounds "6"]
[EventCountry "BRA"]
[SourceTitle "CBM 165 Extra"]
[Source "ChessBase"]
[SourceDate "2015.04.21"]
[SourceVersion "1"]
[SourceVersionDate "2015.04.21"]
[SourceQuality "1"]

1. d4 Nf6 2. c4 e6 3. Nc3 Bb4 4. Qc2 c5 5. Nf3 b6 6. e4 Bb7 7. Bd3 cxd4 8. Nxd4 d5 9. exd5 Bxc3+ 10. Qxc3 0-0 11. 0-0 1/2-1/2

[Event "American Continental 10th"]
[Site "Praia da Pipa"]
[Date "2014.10.25"]
[Round "10"]
[White "Lunelli, Neuri Antonio"]
[Black "Felix, Dieggo Guerra"]
[Result "1/2-1/2"]
[WhiteElo "1887"]
[BlackElo "1656"]
[PlyCount "63"]
[EventDate "2014.10.18"]
[EventType "swiss"]
[EventRounds "11"]
[EventCountry "BRA"]
[SourceTitle "EXT 2015"]
[Source "ChessBase"]
[SourceDate "2014.11.20"]
[SourceVersion "1"]
[SourceVersionDate "2014.11.20"]
[SourceQuality "1"]

1. d4 Nf6 2. e3 d5 3. Bd3 e6 4. Nd2 c5 5. c3 Be7 6. f4 c4 7. Bc2 b5 8. Ngf3 Bb7 9. Ne5 0-0 10. Qf3 Nfd7 11. Qh5 f5 12. 0-0 Nf6 13. Qh3 Qe8 14. g4 fxg4 15. Nxg4 Nbd7 16. Kh1 Nh5 17. Nf3 Bf6 18. Bd2 Kh8 19. Rg1 Rg8 20. Nge5 Bxe5 21. Nxe5 Nxe5 22. fxe5 g6 23. Rg5 Rg7 24. Rag1 Qf7 25. Bxg6 hxg6 26. Rxg6 Rh7 27. Qg4 Rf8 28. a3 a6 29. Qxe6 Qf3+ 30. R1g2 Qf1+ 31. Rg1 Qf3+ 32. R1g2 1/2-1/2

[Event "American Continental 10th"]
[Site "Praia da Pipa"]
[Date "2014.10.21"]
[Round "5"]
[White "Felix, Dieggo Guerra"]
[Black "Fragoso, Evander Correa"]
[Result "1/2-1/2"]
[WhiteElo "1656"]
[BlackElo "1913"]
[PlyCount "74"]
[EventDate "2014.10.18"]
[EventType "swiss"]
[EventRounds "11"]
[EventCountry "BRA"]
[SourceTitle "EXT 2015"]
[Source "ChessBase"]
[SourceDate "2014.11.20"]
[SourceVersion "1"]
[SourceVersionDate "2014.11.20"]
[SourceQuality "1"]

1. e4 e6 2. d4 d5 3. Nd2 Nf6 4. e5 Ne4 5. Nxe4 dxe4 6. Qg4 Qxd4 7. c3 Qxe5 8. Bf4 Qf5 9. Qxf5 exf5 10. Bxc7 Be7 11. 0-0-0 0-0 12. Bb5 a6 13. Bc4 Nc6 14. Bd5 Bd8 15. Bxd8 Rxd8 16. Bxc6 Rxd1+ 17. Kxd1 bxc6 18. Ne2 a5 19. Nd4 c5 20. Nb3 Rb8 21. Kc2 Be6 22. Nxc5 Bxa2 23. b3 Rb5 24. Rd1 g5 25. Rd5 a4 26. bxa4 Bb3+ 27. Kc1 Bxa4 28. c4 Rb4 29. Rxf5 Rxc4+ 30. Kd2 h6 31. Nxa4 Rxa4 32. Ke3 Kg7 33. Re5 Ra3+ 34. Kxe4 Ra4+ 35. Ke3 Ra3+ 36. Ke4 Ra4+ 37. Ke3 Ra3+ 1/2-1/2

[Event "American Continental 10th"]
[Site "Praia da Pipa"]
[Date "2014.10.19"]
[Round "3"]
[White "Felix, Dieggo Guerra"]
[Black "Pinheiro, Davi Sales"]
[Result "0-1"]
[WhiteElo "1656"]
[BlackElo "2022"]
[PlyCount "76"]
[EventDate "2014.10.18"]
[EventType "swiss"]
[EventRounds "11"]
[EventCountry "BRA"]
[SourceTitle "EXT 2015"]
[Source "ChessBase"]
[SourceDate "2014.11.20"]
[SourceVersion "1"]
[SourceVersionDate "2014.11.20"]
[SourceQuality "1"]

1. e4 c5 2. Nf3 d6 3. d4 cxd4 4. Nxd4 Nf6 5. Nc3 a6 6. Be3 Ng4 7. Bc1 Nc6 8. f3 Nge5 9. Be3 g6 10. Qd2 Na5 11. b3 h6 12. Nd5 e6 13. Nxe6 Bxe6 14. Nb6 Nac6 15. Nxa8 Qxa8 16. Rd1 Qd8 17. Be2 Qh4+ 18. Bf2 Qf6 19. c4 Nd7 20. f4 d5 21. Bd4 Qxd4 22. Qxd4 Bb4+ 23. Kf1 Nxd4 24. Rxd4 Bc5 25. Rd1 dxe4 26. g4 h5 27. gxh5 Bh3+ 28. Ke1 Bg2 29. hxg6 Bxh1 30. gxf7+ Kxf7 31. Rxd7+ Kf6 32. Rxb7 Rxh2 33. Rc7 Bb4+ 34. Kd1 Bf3 35. Bxf3 exf3 36. Rc6+ Kf5 37. Rxa6 Rd2+ 38. Kc1 f2 0-1

[Event "Recife Arraes Memorial 7th"]
[Site "Recife"]
[Date "2014.08.31"]
[Round "5"]
[White "Macedo, Alexandre Soares"]
[Black "Felix, Dieggo Guerra"]
[Result "1-0"]
[WhiteElo "1873"]
[BlackElo "1712"]
[PlyCount "61"]
[EventDate "2014.08.29"]
[EventType "swiss"]
[EventRounds "6"]
[EventCountry "BRA"]
[SourceTitle "EXT 2015"]
[Source "ChessBase"]
[SourceDate "2014.11.20"]
[SourceVersion "1"]
[SourceVersionDate "2014.11.20"]
[SourceQuality "1"]

1. d4 Nf6 2. c4 e6 3. a3 b6 4. g3 Bb7 5. Nf3 Be7 6. Bg2 0-0 7. 0-0 c5 8. Nc3 d5 9. Ne5 cxd4 10. Qxd4 Nc6 11. Nxc6 Bxc6 12. b4 Rc8 13. cxd5 Nxd5 14. Nxd5 Bxd5 15. Qd2 Bxg2 16. Kxg2 Qxd2 17. Bxd2 Rc2 18. Rfd1 Rd8 19. Be3 Rdc8 20. Rd7 Bf6 21. Rad1 R2c7 22. Bf4 e5 23. Rxc7 Rxc7 24. Bxe5 Rc8 25. Bxf6 gxf6 26. Rd7 a6 27. Rd6 Rc3 28. Rxf6 Rxa3 29. Rxb6 a5 30. bxa5 Rxa5 31. h4 1-0

[Event "Joao Pessoa-ch"]
[Site "Joao Pessoa"]
[Date "2014.08.03"]
[Round "5"]
[White "Felix, Dieggo Guerra"]
[Black "Felix, Thiago Ribeiro"]
[Result "0-1"]
[WhiteElo "1712"]
[BlackElo "1974"]
[PlyCount "38"]
[EventDate "2014.08.01"]
[EventType "swiss"]
[EventRounds "6"]
[EventCountry "BRA"]
[SourceTitle "CBM 161 Extra"]
[Source "ChessBase"]
[SourceDate "2014.08.29"]
[SourceVersion "1"]
[SourceVersionDate "2014.08.29"]
[SourceQuality "1"]

1. e4 e5 2. Nf3 Nc6 3. Bb5 Nf6 4. 0-0 Be7 5. Re1 d6 6. c3 0-0 7. h3 Re8 8. d4 exd4 9. cxd4 a6 10. Ba4 b5 11. Bc2 Bb7 12. Nbd2 Nb8 13. b3 d5 14. e5 Nfd7 15. Nf1 Nf8 16. Qd3 Ng6 17. Qf5 Bc8 18. Qh5 Nd7 19. Ng5 Ndf8 0-1